000 01167nam a22003857a 4500
001 0011230
003 KOHA_MİRAKIL
005 20260207001809.0
007 ta
008 091202b2005 tu |||gr||||#0|||1|ota |
020 _a9754834903
_c0,01
040 _aTR-BiSEU
_btur
_cTR-BiSEU
_erda
041 0 _aota
044 _ctu
050 _aPL121
_b.B35 2000
100 1 _aBalata, Refet Yalçın.
245 1 _aOsmanlıca dersleri/
_cRefet Yalçın Balata ; Refet Yalçın Balata.
264 1 _aİzmir :
_bEge Üniversitesi
_c2005
300 _a115+62 sayfa; 25 cm.
336 _ametin
_btxt
_2rdacontent
337 _aaracısız
_bn
_2rdamedia
338 _acilt
_bnc
_2rdacarrier
490 1 _aEge Üniversitesi Yayınları .
490 1 _aEdebiyat Fakültesi yayınları ;
_vno.
490 1 _a1117.
505 _a
_x
650 0 _aTürk Dili--Dilbilgisi.
_913381
650 0 _aTürk Dili--Ders Kitapları.
_913382
650 0 _aYazı, Osmanlıca.
_913383
830 1 _aEge Üniversitesi Yayınları .
_927338
830 1 _aEdebiyat Fakültesi yayınları ;
_vno.
_96621
830 1 _a1117.
_927339
907 _aDers Kitabı
942 _2lcc
_cBK
999 _c11200
_d11200